Универсальные металлорежущие станки, выпускаемые предприятиями министерства станкостроительной и инструментальной промышленности в 1976-1977 гг.: номенклатурный справочник

מידע ביבליוגרפי
מחבר תאגידי: Министерство станкостроительной и инструментальной промышленности
מחברים אחרים: Николаев В. И. (редактор)
סיכום:Исключено из фонда НТБ ТПУ
שפה:רוסית
יצא לאור: Москва, НИИМАШ, 1976
פורמט: MixedMaterials ספר
KOHA link:https://koha.lib.tpu.ru/cgi-bin/koha/opac-detail.pl?biblionumber=117453

MARC

LEADER 00000nam0a2200000 4500
001 117453
005 20231101215414.0
035 |a (RuTPU)RU\TPU\book\127134 
090 |a 117453 
100 |a 20070602d1976 k y0rusy50 ca 
101 0 |a rus 
102 |a RU 
105 |a y b 000zy 
200 1 |a Универсальные металлорежущие станки, выпускаемые предприятиями министерства станкостроительной и инструментальной промышленности в 1976-1977 гг.  |e номенклатурный справочник  |f Министерство станкостроительной и инструментальной промышленности; под ред. В. И. Николаева 
210 |a Москва  |c НИИМАШ  |d 1976 
333 |a Исключено из фонда НТБ ТПУ 
702 1 |a Николаев  |b В. И.  |4 340 
712 0 2 |a Министерство станкостроительной и инструментальной промышленности  |9 24792 
801 1 |a RU  |b 63413507  |c 20070602  |g PSBO 
801 2 |a RU  |b 63413507  |c 20220617  |g RCR 
942 |c BK